Formula One Circuits - Statistics

General Stats
  • This quiz has been taken 6,529 times
  • The average score is 21 of 68
Answer Stats
Last Race Races Circuit % Correct
2011 45 races Silverstone
84%
2011 61 races Monza
82%
2011 44 races Spa-Francorchamps
81%
2011 58 races Monaco
79%
2006 27 races Enzo E Dino Ferrari
69%
2011 16 races Albert Park
64%
2010 32 races Hockenheimring
60%
2011 23 races Suzuka
60%
2011 39 races Nürburgring
59%
2011 29 races Interlagos
58%
2011 4 races Marina Bay
57%
2011 3 races Yas Marina
57%
2011 26 races Hungaroring
55%
2011 32 races Circuit Gilles Villeneuve
51%
1990 14 races Paul Ricard
47%
2007 19 races Indianapolis
46%
1985 30 races Zandvoort
46%
1992 15 races Hermanos Rodríguez
45%
2011 21 races Catalunya
43%
2011 13 races Sepang
42%
2011 8 races Shanghai
41%
1982 2 races Caesars Palace
39%
1986 14 races Brands Hatch
38%
2011 4 races Valencia
37%
2008 4 races Fuji
36%
2008 18 races Magny-Cours
36%
1995 11 races Adelaide
35%
2011 7 races Istanbul Park
33%
2003 25 races Österreichring
31%
1997 7 races Jerez
29%
2010 7 races Sakhir
29%
1988 7 races Detroit
28%
1996 13 races Estoril
28%
1993 20 races Kyalami
27%
1993 1 race Donington Park
25%
1998 20 races Buenos Aires
24%
1984 1 race Fair Park
24%
2011 1 race Buddh
23%
1967 1 race Bugatti
23%
1984 10 races Zolder
21%
1989 10 races Jacarepaguá
20%
1983 8 races Long Beach
20%
1980 20 races Watkins Glen
20%
1959 1 race AVUS
16%
2011 2 races Yeongam
16%
1984 6 races Dijon-Prenois
15%
1957 1 race Pescara
15%
1991 3 races Phoenix
15%
1962 5 races Aintree
13%
1958 1 race Ain-Diab
12%
1978 6 races Anderstorp
12%
1995 2 races TI Aida
12%
1981 9 races Jarama
11%
1966 11 races Reims-Gueux
11%
1959 1 race Sebring
10%
1975 4 races Montjuïc
9%
1964 1 race Zeltweg Airfield
9%
1977 8 races Mosport
8%
1968 5 races Rouen-Les-Essarts
8%
1954 5 races Bremgarten
7%
1972 4 races Charade
7%
1960 2 races Porto
7%
1970 2 races Mont-Tremblant
6%
1960 1 race Riverside
6%
1965 3 races East London
5%
1959 1 race Monsanto Park
5%
1974 2 races Nivelles
5%
1954 2 races Pedralbes
4%
No matching quizzes found
Score Distribution
Percent of People with Each Score
Percentile by Number Answered
Your Score History
You have not taken this quiz